|
|
|
|
| LEADER |
00000cam a2200000 7i4500 |
| 001 |
0000000017 |
| 005 |
20000622.0 |
| 020 |
0 |
0 |
|a 9839319191
|
| 090 |
0 |
0 |
|a 959.5
|b KEN 1997
|
| 245 |
0 |
0 |
|a KENEGARAAN Malaysia
|c editor, Asnarulkhadi Abu Samah, Jayum A. Jawan
|f penyumbang, Aishah Edris ... [et al.]
|
| 260 |
0 |
0 |
|a Serdang, Selangor :
|b Penerbit Universiti Putra Malaysia ,
|c 1997
|
| 300 |
|
|
|a xvii, 264 p.; 26 cm.
|
| 500 |
0 |
0 |
|a Includes index
|
| 651 |
0 |
0 |
|a Malaysia
|x History
|
| 651 |
0 |
0 |
|a Malaysia
|x Politics and government
|
| 651 |
0 |
0 |
|a Malaysia
|x Social conditions
|
| 700 |
0 |
1 |
|a Aishah Edris
|
| 700 |
0 |
1 |
|a Asnarulkhadi Abu Samah
|
| 700 |
0 |
1 |
|a Jayum A. Jawan
|
| 999 |
|
|
|a 0000000998
|b Monograph
|c Open Shelf
|e Default branch
|